| 000 | 00624nam a2200205 4500 | ||
|---|---|---|---|
| 003 | DO-SdBNP | ||
| 005 | 20171128090559.0 | ||
| 008 | 090706s2007 cu d000 spa d | ||
| 020 | _a9789592592667 | ||
| 040 |
_a BPMSU _bspa _cBPMSU |
||
| 082 |
_axxx _bxxx |
||
| 100 | _aDuque Sánchez, Luis Oscar | ||
| 245 | 3 |
_aLa batalla del Che / _cLuis Oscar Duque, Manuel Pérez Alfaro |
|
| 260 |
_aLa Habana : _c2007 _bPablo de la Torriente Editorial, |
||
| 300 |
_a32 p. : _c21 cm. |
||
| 700 | _aPérez Alfaro, Manuel | ||
| 942 |
_2ddc _cMP |
||
| 945 | _aInventariado extranjero / 2017 VM | ||
| 956 |
_aVMATEO _b10 _c20171128 _lBPMSU _h0069 |
||
| 999 |
_c13147 _d13147 |
||